The signs of tradition in architecture / (Rekord nr 56442)
| 000 -ETYKIETA REKORDU | |
|---|---|
| podpole kontrolne o stałej długości | 00934nam a2200289 i 4500 |
| 001 - NUMER KONTROLNY REKORDU | |
| pole kontrolne | bg |
| 015 ## - NUMER BIBLIOGRAFII NARODOWEJ | |
| Numer bibliografii narodowej | PB 25674/2008 |
| 020 ## - MIĘDZYNARODOWY ZNORMALIZOWANY NUMER KSIĄŻKI - ISBN | |
| ISBN | 9788360081198 |
| 040 ## - ŹRÓDŁO KATALOGOWANIA | |
| Instytucja, która utworzyła rekord | BPK |
| 041 1# - KOD JĘZYKA | |
| Kod języka tekstu | eng |
| -- | pol |
| Kod języka oryginału | pol |
| 044 ## - KOD KRAJU WYDAWCY/PRODUCENTA | |
| Kod kraju wydawcy/producenta | POL |
| 080 ## - UNIWERSALNA KLASYFIKACJA DZIESIĘTNA - UKD | |
| UKD | 72.01:72.03(091)](06) |
| 920 ## - Międzynarodowy znormalizowany numer książki – ISBN | |
| ISBN | 978-83-60081-19-8 |
| 008 - POLE O STAŁEJ DŁUGOŚCI - DANE KONTROLNE | |
| podpole kontrolne o stałej długości | 090702s2008 pl a |100 0 eng |
| 245 04 - TYTUŁ/ODPOWIEDZIALNOŚĆ | |
| Tytuł | The signs of tradition in architecture / |
| Pozostałe elementy strefy tytułu i oznaczenia odpowiedzialności | ed. Tomasz Drewniak, Jan Rabiej ; Państwowa Wyższa Szkoła w Nysie. |
| 260 ## - STREFA ADRESU WYDAWNICZEGO | |
| Miejsce wydania | Nysa : |
| Nazwa wydawcy/dystrybutora | Oficyna Wydawnicza Państwowej Wyższej Szkoły Zawodowej, |
| Data publikacji, dystrybucji/powstania dokumentu | 2008. |
| 300 ## - STREFA OPISU FIZYCZNEGO | |
| Objętość | 267 s. : |
| Inne cechy fizyczne | il. ; |
| Rozmiary | 24 cm. |
| 500 ## - UWAGI OGÓLNE | |
| Tekst uwagi | Materiały z konf. |
| 504 ## - UWAGA DOTYCZĄCA BIBLIOGRAFII | |
| Informacje o bibliografii | Bibliogr. przy ref. |
| 546 ## - UWAGA O JĘZYKU | |
| Uwaga o języku | Tekst częśc. ang., pol. Tekst częśc. tł. z pol. |
| 650 #9 - HASŁO PRZEDMIOTOWE W FORMIE NAZWY OGÓLNEJ LUB JEDNOSTKOWEJ | |
| Nazwa ogólna lub geograficzna | Architektura |
| Określnik ogólny | historia |
| 650 #9 - HASŁO PRZEDMIOTOWE W FORMIE NAZWY OGÓLNEJ LUB JEDNOSTKOWEJ | |
| Nazwa ogólna lub geograficzna | Architektura |
| Określnik ogólny | teoria |
| 655 ## - TERMIN INDEKSOWY - OKREŚLENIE RODZAJU/FORMY DOKUMENTU | |
| Określenie rodzaju/formy dokumentu | Materiały konferencyjne |
| 700 1# - HASŁO DODATKOWE - NAZWA OSOBOWA | |
| Nazwa osobowa | Drewniak, Tomasz. |
| Określenie związku między hasłem a opisywanym materiałem | Red. |
| 700 1# - HASŁO DODATKOWE - NAZWA OSOBOWA | |
| Nazwa osobowa | Rabiej, Jan. |
| Określenie związku między hasłem a opisywanym materiałem | Red. |
| 856 ## - LOKALIZACJA I DOSTĘP DO ELEKTRONICZNYCH DOKUMENTÓW ZDALNYCH | |
| Link (URL) | http://koha.tu.koszalin.pl/cgi-bin/koha/opac-detail.pl?biblionumber=56442 |
| Tekst linku | Katalog online BPK |
| 942 ## - DODATKOWE ELEMENTY (KOHA) | |
| Typ dokumentu | Książka |
| Wycofany | Status egzemplarza | Uszkodzony | Dostępność | Lokalizacja stała | Lokalizacja bieżąca | Miejsce przechowywania | Sygnatura | Kod kreskowy | Dział | Typ dokumentu |
|---|---|---|---|---|---|---|---|---|---|---|
| Tylko na miejscu | Czytelnia Wydziału Elektroniki i Informatyki, Wydziału Architektury i Wzornictwa, Wydziału Inżynierii Mechanicznej i Energetyki oraz Wydziału Inżynierii Lądowej, Środowiska i Geodezji | Czytelnia Wydziału Elektroniki i Informatyki, Wydziału Architektury i Wzornictwa, Wydziału Inżynierii Mechanicznej i Energetyki oraz Wydziału Inżynierii Lądowej, Środowiska i Geodezji | Czytelnia Wydziałowa ul. Śniadeckich 2 | 91203 | 02470382 | 72 Architektura | Książka |
